000 01280nam a2200337 a 4500
001 000006473
003 DO-SdBPM
005 20260129094942.0
007 ta
008 090831s2003 dr ab 000 0 spa d
020 _a8492246766
040 _a DO-SdBPM
_bspa
_cBPMSU
_erda
082 4 _a305.89607293
_bA577p 2003
_222
100 1 _aAndújar Persinal, Carlos,
_d1956-
_eautor
_4aut.
245 1 3 _aLa presencia negra en Santo Domingo :
_bun enfoque etnohistórico /
_cCarlos Andújar ; prólogo Carlos Esteban Deive.
250 _a3a. ed.
264 _aSanto Domingo, :
_bEditorial Santo Domingo,
_c2003
300 _a145 páginas :
_bilustraciones ., mapa ;
_c18 cm.
336 _atexto
_btxt
_2rdacontent
337 _asin mediación
_bn
_2rdamedia
338 _avolumen
_bnc
_2rda
504 _aBibliografía: páginas 141-144
504 _aIncluye referencias bibliográficas y notas al pie de las páginas
590 _aInventariado, 2026/VM
650 7 _aNegros
_zRepública Dominicana
_xHistoria
650 7 _aEsclavos
_zRepública Dominicana
_xHistoria
651 7 _aRepública Dominicana
_xCivilización
_xInfluencias africanas
700 1 _aDeive, Carlos Esteban,
_eprólogo
910 _aVMateo V. Control de calidad BPMSU
942 _2ddc
_cBK
999 _c15641
_d15641